Financial Development, Rule of Law and Wealth Inequality: Bayesian Model Averaging Evidence

Analýza determinantov finančného vývoja pomocou globálnej vzorky, využívajúc bohatý súbor opatrení finančného vývoja, ktorý posudzujú stupeň hĺbky, prístupu, stability a efektívnosti finančných sprostredkovateľov.

Salvato in:
Dettagli Bibliografici
Autore principale: Horváth, Roman
Altri autori: Horvátová, Eva, 1958-, Širaňová, Mária
Natura: Capitolo di libro
Lingua:inglese
Soggetti:
Tags: Aggiungi Tag
Nessun Tag, puoi essere il primo ad aggiungerne!!

MARC

LEADER 00000nla a2200000 4500
001 0241249
005 20240502083647.4
041 0 |a eng 
044 |a FI 
245 1 0 |a Financial Development, Rule of Law and Wealth Inequality: Bayesian Model Averaging Evidence  |c Roman Horváth, Eva Horvátová, Mária Širaňová 
520 |a Analýza determinantov finančného vývoja pomocou globálnej vzorky, využívajúc bohatý súbor opatrení finančného vývoja, ktorý posudzujú stupeň hĺbky, prístupu, stability a efektívnosti finančných sprostredkovateľov. 
610 2 0 |a bankovníctvo 
610 2 0 |a trh finančný 
610 2 0 |a štát právny 
610 2 0 |a regulácia finančná 
610 2 0 |a sprostredkovatelia finanční 
610 2 0 |a efektívnosť 
100 1 |a Horváth, Roman 
700 1 |a Horvátová, Eva, 1958- 
700 1 |a Širaňová, Mária